| 000 | 01018nam a2200229Ia 4500 | ||
|---|---|---|---|
| 999 |
_c40180 _d40180 |
||
| 001 | 6786 | ||
| 003 | GE_BSU | ||
| 005 | 20200120114900.0 | ||
| 008 | 181216s1970||||ge |||||||||||||| ||geo|| | ||
| 040 | _cGE_BSU | ||
| 041 | _ageo | ||
| 080 | _a821.353.1-32 გ-59 | ||
| 100 |
_aგოგიჩაიშვილი, გივი. _96030 |
||
| 245 |
_aახალი წლის ღამე : _bმოთხრობა / _cგივი გოგიჩაიშვილი ; კონსტანტინე ლორთქიფანიძის რედაქცით. |
||
| 250 | _aერთი მოთხრობის ბიბლიოთეკა | ||
| 264 |
_aთბილისი : _bნაკადული, _c1970. |
||
| 300 |
_a32 გვ. ; _c17 სმ. |
||
| 653 | _aახალი წლის ღამე | ||
| 653 | _aმოთხრობა | ||
| 700 |
_aლორთქიფანიძე, კონსტანტინე _eრედაქტორი _96242 |
||
| 942 |
_cBK _2udc |
||